10 plus petites capitales en Afrique - Statistiques

Statistiques générales
  • Ce quiz a été pris 166 fois
  • Le résultat moyen est 6 sur 10
Statistiques - réponses
Population petite capitale % Correct
56,166 São Tomé
78%
125,464 Praia
73%
29,298 Victoria
70%
60,200 Moroni
68%
147,251 Port Louis
66%
34,828 Banjul
61%
81,594 Mbabane
61%
100,677 Malabo
53%
223,552 Porto Novo
34%
225,656 Gaborone
25%
Aucun quiz correspondant
Distribution des résultats
% des personnes avec chaque résultat
Percentile par nombre de réponses
Votre historique - résultats
Vous n’avez pas pris ce quiz